| 000 | 00952nam a22002537a 4500 | ||
|---|---|---|---|
| 003 | SEM | ||
| 999 |
_c44053 _d44053 |
||
| 005 | 20220608071007.0 | ||
| 008 | 201222b ||||| |||| 00| 0 arm d | ||
| 020 | _a9993085928 (Հ. Բ) | ||
| 040 |
_aSEM _cSEM |
||
| 041 | _aarm. | ||
| 080 | _a34(47.925)/Ա-77 | ||
| 100 | _aԱվագյան Ռուբեն | ||
| 245 |
_aՀայ իրավական մտքի գանձարան: _b(մ. թ. ա. IX դ. - մ. թ. XIX դ.): / _cՌ. Ավագյան; Խմբ.՝ Հ. Հակոբջանյան, Ս. Մկրտչյան, Օ. Մարկոսյան |
||
| 260 |
_aԵրևան: _b«Մնիի եմ- XXI դար», _c2002. |
||
| 300 |
_aՀ.; _c20 սմ |
||
| 505 |
_aՀ. 1 - _g2001.- 671 էջ |
||
| 505 |
_aՀ. 2 - _g2002.- 666+V էջ |
||
| 650 |
_aԻրավունք _zՀայաստան |
||
| 700 |
_aՀակոբջանյան Հ. _eխմբ. _4edt. |
||
| 700 |
_aՄկրտչյան Ս. _eխմբ. _4edt. |
||
| 700 |
_aՄարկոսյան Օ. _eխմբ. _4edt. |
||
| 942 |
_2udc _cBK |
||